1345 1704 1256 1735 1945 1628 1887 1142 1073 1572 1090 1421 1691 1179 1962 1424 1684 1263 1592 1199 1576 1008 1336 1200 1261 1356 1735 1902 1222 1795 1510 1490 1346 1134 1751 1473 1161 1790 1632 1908 1762 1245 1040 1922 1227 1446 1934 1932 1689 1217 1400 1767 1171 1058 1545 1697 1228 1803 1088 1531 1440 1053 1913 1653 1050 1042 1560 1011 1364 1536 1035 1216 1174 1533 1743 1579 1040 1556 1617 1556 1079 1117 1406 1371 1199 1680 1140 1499 1914 1578 1095 1839 1788 1090 1605 1071 1244 1324 1319 BCNSPRNW ULIB Ver.6.0+V

เปลี่ยนเป็นภาษาไทย

Change to English
 แสดงรายละเอียดบรรณานุกรม
  กลับหน้าหลัก

Brief Record : Get Marc (ISO 2709) : E-mail record : QR code < ปิดหน้าต่าง
LEADER : 00000nam 2200000uu 4500
001    13399112867
003     ULIB
008    110914s2554||||th 000 0 tha d
020    9786167460154
060 04 WB537^bส869ช 2554
245 00 ชะลอวัยด้วยการบริหาร /^cสุวรรณ ตั้งจิตรเจริญ
250    พิมพ์ครั้งที่ 1
260    กรุงเทพฯ :^bบีเวลล์,^c2554
300    160 หน้า :^bภาพประกอบ ;^c21 ซม
650  4 การนวด
650  4 การรักษาด้วยธรรมชาติ
650  4  กายบริหาร
945    ^p140^l0^i030499
945    ^p140^l0^i030500
995    เกษร
999 ^a ใช้งานได้ทุกระบบ
รายการนี้ยังไม่มีแท็ก
คุณยังไม่ได้ล็อกอิน คุณสามารถมีกิจกรรมร่วมกับเว็บไซต์ได้ แต่ต้องล็อกอินก่อน ::
  ล็อกอิน

รายการสื่อสารสนเทศ

ลำดับที่ ประเภท เลขเรียก/บาร์โค้ด สถานที่ สถานะ
1. วิทยาศาสตร์การแพทย์ และสุขภาพ
หนังสือสำรอง
สถานะ=หนังสือสำรอง
WB537 ส869ช 2554 ฉ.1 
  Barcode: 030499
ห้องสมุดวิทยาเขตสวรรค์ประชารักษ์
►ส่วนจัดเก็บหนังสือเก่า สปร
บนชั้น
  ขอยืม
2. วิทยาศาสตร์การแพทย์ และสุขภาพ
วิทยาศาสตร์การแพทย์ และสุขภาพ
WB537 ส869ช 2554 ฉ.2 
  Barcode: 030500
ห้องสมุดวิทยาเขตสวรรค์ประชารักษ์
►ส่วนจัดเก็บหนังสือเก่า สปร
บนชั้น
  ขอยืม

รายการใกล้เคียง
    หัวเรื่อง [การนวด]
    หัวเรื่อง [การรักษาด้วยธรรมชาติ]
    หัวเรื่อง [กายบริหาร]

BibComment


ยังไม่เคยถูกคอมเมนท์

คอมเมนท์ทรัพยากรรายการนี้
  คอมเมนท์: ชะลอวัยด้วยการบริ..


 Copyright 2026. Bcnsprnw @Library